000 00283nam a22001337a 4500
008 181219b xxu||||| |||| 00| 0 eng d
020 _a0836466761
041 _aeng
080 _a370
100 _a47
101 _aEDU
245 _aTeaching Culture
_cMoran.p.r
942 _2udc
_cBK
999 _c53527
_d53527